| 000 -LEADER |
| fixed length control field |
00799cam a22002291 4500 |
| 001 - CONTROL NUMBER |
| control field |
745886 |
| 005 - DATE AND TIME OF LATEST TRANSACTION |
| control field |
20211101125425.0 |
| 008 - FIXED-LENGTH DATA ELEMENTS--GENERAL INFORMATION |
| fixed length control field |
880212s2012 nyu 000 0 eng |
| 010 ## - LIBRARY OF CONGRESS CONTROL NUMBER |
| LC control number |
20012205 |
| 020 ## - INTERNATIONAL STANDARD BOOK NUMBER |
| International Standard Book Number |
9781840226867 |
| 041 0# - LANGUAGE CODE |
| Language code of text/sound track or separate title |
eng |
| 080 ## - UNIVERSAL DECIMAL CLASSIFICATION NUMBER |
| Universal Decimal Classification number |
159.964.2 F-84 |
| 100 1# - MAIN ENTRY--PERSONAL NAME |
| Personal name |
Freud, Sigmund |
| Dates associated with a name |
|
| 9 (RLIN) |
9435 |
| 245 12 - TITLE STATEMENT |
| Title |
A general introduction to psychoanalysis / |
| Statement of responsibility, etc. |
Authorized translation by Stanley Hall, Stephen Wilson. |
| 264 ## - PRODUCTION, PUBLICATION, DISTRIBUTION, MANUFACTURE, AND COPYRIGHT NOTICE |
| Place of production, publication, distribution, manufacture |
Hertfordshire : |
| Name of producer, publisher, distributor, manufacturer |
Wordsworth Editions, |
| Date of production, publication, distribution, manufacture, or copyright notice |
2012. |
| 300 ## - PHYSICAL DESCRIPTION |
| Extent |
406 p. |
| Other physical details |
21 cm. |
| 500 ## - GENERAL NOTE |
| General note |
Translation of Vorlesungen zur einführung in die psychoanalyse. |
| 653 ## - INDEX TERM--UNCONTROLLED |
| keyword |
ფსიქოლოგია |
| 653 ## - INDEX TERM--UNCONTROLLED |
| keyword |
ფსიქოანალიტიკა |
| 700 ## - ADDED ENTRY--PERSONAL NAME |
| Personal name |
Stanley, G. Hall |
| Relator term |
მთარგმნელი |
| 9 (RLIN) |
9437 |
| 942 ## - ADDED ENTRY ELEMENTS (KOHA) |
| Source of classification or shelving scheme |
|
| Koha item type |
წიგნი |